Baby Names: 'H' Boy Names by Decade Quiz Stats

Quiz Updated Apr 14, 2017

Challenge
Share
Tweet
Embed
Score 0/95 Timer 08:00
1 Play Today
Decade Name % Correct
1880sHenry
92.4%
1890sHenry
92.4%
1900sHenry
92.4%
1910sHenry
92.4%
1920sHenry
92.4%
1930sHenry
92.4%
1940sHenry
92.4%
1950sHenry
92.4%
1960sHenry
92.4%
1970sHenry
92.4%
1980sHenry
92.4%
1990sHenry
92.4%
2000sHenry
92.4%
1880sHarry
92.1%
1890sHarry
92.1%
1900sHarry
92.1%
1910sHarry
92.1%
1920sHarry
92.1%
1930sHarry
92.1%
1940sHarry
92.1%
1950sHarry
92.1%
1960sHarry
92.1%
1970sHarry
92.1%
1880sHarold
81%
1890sHarold
81%
1900sHarold
81%
1910sHarold
81%
1920sHarold
81%
1930sHarold
81%
1940sHarold
81%
1950sHarold
81%
1960sHarold
81%
Decade Name % Correct
1970sHarold
81%
1880sHugh
51.7%
1890sHugh
51.7%
1900sHugh
51.7%
1910sHugh
51.7%
1920sHugh
51.7%
1930sHugh
51.7%
1940sHugh
51.7%
1880sHoward
51.1%
1890sHoward
51.1%
1900sHoward
51.1%
1910sHoward
51.1%
1920sHoward
51.1%
1930sHoward
51.1%
1940sHoward
51.1%
1950sHoward
51.1%
1960sHoward
51.1%
1970sHoward
51.1%
1880sHerbert
49.7%
1890sHerbert
49.7%
1900sHerbert
49.7%
1910sHerbert
49.7%
1920sHerbert
49.7%
1930sHerbert
49.7%
1940sHerbert
49.7%
1950sHerbert
49.7%
1960sHerbert
49.7%
1880sHorace
43.5%
1890sHorace
43.5%
1900sHorace
43.5%
1880sHarvey
42%
1890sHarvey
42%
Decade Name % Correct
1900sHarvey
42%
1910sHarvey
42%
1920sHarvey
42%
1930sHarvey
42%
1940sHarvey
42%
1950sHarvey
42%
1910sHubert
41.8%
1920sHubert
41.8%
1930sHubert
41.8%
1880sHerman
32.4%
1890sHerman
32.4%
1900sHerman
32.4%
1910sHerman
32.4%
1920sHerman
32.4%
1930sHerman
32.4%
1940sHerman
32.4%
1950sHerman
32.4%
1990sHunter
31.7%
2000sHunter
31.7%
1970sHector
29.8%
1980sHector
29.8%
1990sHector
29.8%
2000sHector
29.8%
1880sHomer
29.7%
1890sHomer
29.7%
1900sHomer
29.7%
1910sHomer
29.7%
1920sHomer
29.7%
1930sHomer
29.7%
1990sHayden
28.3%
2000sHayden
28.3%

You're not logged in!

Compare scores with friends on all Sporcle quizzes.
Sign Up with Email
OR
Log In

You Might Also Like...

Show Comments

Extras

Top Quizzes Today


Score Distribution

Your Account Isn't Verified!

In order to create a playlist on Sporcle, you need to verify the email address you used during registration. Go to your Sporcle Settings to finish the process.